Faculty of Law Library — Cairo University

Official Online Catalog

العقود الإدراية وقوانين المزايدات والمناقصات في قضاء وإفتاء مجلس الدولة حتى عام 2004 : (Record no. 53989)

MARC details
000 -LEADER
fixed length control field 02393nam a2200337 i 4500
003 - CONTROL NUMBER IDENTIFIER
control field EG-GICUC
005 - DATE AND TIME OF LATEST TRANSACTION
control field 20260121101637.0
008 - FIXED-LENGTH DATA ELEMENTS--GENERAL INFORMATION
fixed length control field 260103s2003 ua ||||f |||| 00| 0 ara d
017 ## - COPYRIGHT OR LEGAL DEPOSIT NUMBER
Copyright or legal deposit number 2003/20713
040 ## - CATALOGING SOURCE
Original cataloging agency EG-GICUC
Language of cataloging ara
Transcribing agency EG-GICUC
Modifying agency EG-GICUC
Description conventions rda
041 ## - LANGUAGE CODE
Language code of text/sound track or separate title ara
082 04 - DEWEY DECIMAL CLASSIFICATION NUMBER
Edition number 21
Classification number 345.7
Item number م ح . ع
092 04 - LOCALLY ASSIGNED DEWEY CALL NUMBER (OCLC)
Edition number 21
099 ## - LOCAL FREE-TEXT CALL NUMBER (OCLC)
Classification number Law1 07 345.7 م ح . ع 2003
100 0# - MAIN ENTRY--PERSONAL NAME
Personal name محمد ماهر أبو العينين
Relator term مؤلف.
245 12 - TITLE STATEMENT
Title العقود الإدراية وقوانين المزايدات والمناقصات في قضاء وإفتاء مجلس الدولة حتى عام 2004 :
Remainder of title دراسة تحليلية لآراء الفقهاء وأحكام وفتاوى مجلس الدولة
Number of part/section of a work الكتاب الثاني ،
Name of part/section of a work تنفيذ العقد الإداري طبقا لقانون المزايدات والمناقصات رقم 89 لسنة 1998 /
Statement of responsibility, etc. المستشار الدكتور محمد ماهر أبو العينين .
264 #3 - PRODUCTION, PUBLICATION, DISTRIBUTION, MANUFACTURE, AND COPYRIGHT NOTICE
Place of production, publication, distribution, manufacture الهرم :
Name of producer, publisher, distributor, manufacturer دار أبو المجد للطباعة ،
Date of production, publication, distribution, manufacture, or copyright notice 2003 .
300 ## - PHYSICAL DESCRIPTION
Extent 1051 ؛ صفحة
Dimensions 24 سم
336 ## - CONTENT TYPE
Source rda content
Content type term text
337 ## - MEDIA TYPE
Source rda media
Media type term Computer
338 ## - CARRIER TYPE
Source rda carrier
Carrier type term Online Resource
504 ## - BIBLIOGRAPHY, ETC. NOTE
Bibliography, etc. note . 1051-1003 ببليوجرافيا: صفحات.
504 ## - BIBLIOGRAPHY, ETC. NOTE
Bibliography, etc. note يشتمل على إرجاعات ببليوجرافية
505 ## - FORMATTED CONTENTS NOTE
Formatted contents note المبادئ العامة الرئيسية في تنفيذ العقد الإداري -<br/>مبدأ دوام سير المرافق العامة وأثره على تنفيذ العقد -<br/>مجلس الدولة وحق الإدارة في تعديل العقد (مبدأ أولوية العطاء) -<br/>مجلس الدولة وتحقيق التوازن في العقد الإداري -<br/>إضافة مدة للعقد – الحفاظ على اقتصاديات العقد -<br/>نظريات التوازن المالي (الظروف الطارئة – عمل الأمير – الصعوبات غير المتوقعة) -<br/>(ضوابط توقيع الجزاءات (غرامة التأخير – السحب والتنفيذ على الحساب - فسخ العقد – المصروفات الإدارية – إنهاء العقد الإداري -<br/>
650 1# - SUBJECT ADDED ENTRY--TOPICAL TERM
Topical term or geographic name entry element العقود الإدارية
Source of heading or term qrmak
650 1# - SUBJECT ADDED ENTRY--TOPICAL TERM
Topical term or geographic name entry element القانون الإداري
651 1# - SUBJECT ADDED ENTRY--GEOGRAPHIC NAME
Source of heading or term qrmak
856 40 - ELECTRONIC LOCATION AND ACCESS
Uniform Resource Identifier <a href="https://fll.law.cu.edu.eg/fulltext/bks/B07-02520.pdf">https://fll.law.cu.edu.eg/fulltext/bks/B07-02520.pdf</a>
905 ## - Cataloger and Reviser Names
Cataloger Name: Yasmin Essam
942 ## - ADDED ENTRY ELEMENTS (KOHA)
Source of classification or shelving scheme Dewey Decimal Classification
Koha item type Books
Edition 21
Suppress in OPAC No
Holdings
Withdrawn status Lost status Source of classification or shelving scheme Materials specified (bound volume or other part) Damaged status Not for loan Collection Home library Current library Date acquired Total checkouts Full call number Barcode Date last seen Copy number Price effective from Koha item type
    Dewey Decimal Classification V2   Not for loan القانون الإداري جــــامعة القــاهرة مكتبة كلية الحقوق - المبنى الرئيسي 03.01.2026   Law1 07 345.7 م ح . ع 2003 0702520 V2, C1 B07-02520 03.01.2026 1 03.01.2026 Books
    Dewey Decimal Classification V2     القانون الإداري جــــامعة القــاهرة مكتبة كلية الحقوق - المبنى الرئيسي 19.01.2026   Law1 07 345.7 م ح . ع 2003 0702961 V2, C2 B07-02961 19.01.2026 2 19.01.2026 Books

© All rights reserved — Faculty of Law, Cairo University

Implemented and Customized by: Eng. M. Mohamady